Organizing for sustainable growth in Poland.

Riešenie problémov devastovaného životného prostredia v Poľsku. Politika krajiny zameraná na udržanie rastu v rámci prechodu na trhové hospodárstvo. Úspechy a problémy pri hľadaní efektívnej ochrany život. prostredia a ekonomickej reštrukturalizácie od r. 1989 a skúmanie budúcich potrieb krajiny. Im...

Descripción completa

Guardado en:
Detalles Bibliográficos
Autor principal: Bolan, R.S
Formato: Capítulo de libro
Lenguaje:inglés
Materias:
Etiquetas: Agregar Etiqueta
Sin Etiquetas, Sea el primero en etiquetar este registro!

MARC

LEADER 00000naa a2200000 4500
001 r011522
005 20220913122504.7
041 0 |a eng 
044 |a US 
245 1 0 |a Organizing for sustainable growth in Poland.  |c R.S. Bolan 
520 |a Riešenie problémov devastovaného životného prostredia v Poľsku. Politika krajiny zameraná na udržanie rastu v rámci prechodu na trhové hospodárstvo. Úspechy a problémy pri hľadaní efektívnej ochrany život. prostredia a ekonomickej reštrukturalizácie od r. 1989 a skúmanie budúcich potrieb krajiny. Implikácie poľských skúseností na teóriu rozvoja a zámery inštitúcií. 
610 2 0 |a rozvoj hospodársky 
610 2 0 |a ochrana prostredia životného 
610 2 0 |a PR 
610 2 0 |a politika hospodárska 
610 2 0 |a hospodárstvo trhové 
610 2 0 |a zmeny štruktúrne 
610 2 0 |a reformy hospodárske 
610 2 0 |a rast hospodársky 
100 1 |a Bolan, R.S.